Sistema multi-algoritmo para la clasificación de coberturas de la tierra en el bosque seco tropical del Área de Conservación Guanacaste, Costa Rica (Registro nro. 11648)
[ vista simple ]
| 000 -LEADER | |
|---|---|
| fixed length control field | 00969nas a2200253 4500 |
| 005 - DATE AND TIME OF LATEST TRANSACTION | |
| control field | 20190219145722.0 |
| 008 - FIXED-LENGTH DATA ELEMENTS--GENERAL INFORMATION | |
| fixed length control field | 190219b xxu||||| |||| 00| 0 spa d |
| 022 ## - INTERNATIONAL STANDARD SERIAL NUMBER | |
| International Standard Serial Number | 03793982 |
| 082 ## - DEWEY DECIMAL CLASSIFICATION NUMBER | |
| Classification number | Tecnología en Marcha Vol 31, N° 1, 2018 |
| 100 ## - MAIN ENTRY--PERSONAL NAME | |
| Personal name | Vargas Sanabria, Daniela |
| 100 ## - MAIN ENTRY--PERSONAL NAME | |
| Personal name | Campos Vargas, Carlos |
| 245 ## - TITLE STATEMENT | |
| Title | Sistema multi-algoritmo para la clasificación de coberturas de la tierra en el bosque seco tropical del Área de Conservación Guanacaste, Costa Rica |
| 260 ## - PUBLICATION, DISTRIBUTION, ETC. | |
| Place of publication, distribution, etc. | Costa Rica |
| 260 ## - PUBLICATION, DISTRIBUTION, ETC. | |
| Name of publisher, distributor, etc. | Tecnología en marcha |
| 260 ## - PUBLICATION, DISTRIBUTION, ETC. | |
| Date of publication, distribution, etc. | 2018 |
| 300 ## - PHYSICAL DESCRIPTION | |
| Extent | 58-69 páginas |
| 440 ## - SERIES STATEMENT/ADDED ENTRY--TITLE | |
| Title | Tecnología en marcha |
| Number of part/section of a work | 1 |
| Volume/sequential designation | 31 |
| 9 (RLIN) | 52355 |
| 650 ## - SUBJECT ADDED ENTRY--TOPICAL TERM | |
| Topical term or geographic name entry element | COSTA RICA |
| 9 (RLIN) | 52356 |
| 650 ## - SUBJECT ADDED ENTRY--TOPICAL TERM | |
| Topical term or geographic name entry element | COBERTURA DE LA TIERRA |
| 9 (RLIN) | 52357 |
| 650 ## - SUBJECT ADDED ENTRY--TOPICAL TERM | |
| Topical term or geographic name entry element | BOSQUE SECO |
| 9 (RLIN) | 29106 |
| 650 ## - SUBJECT ADDED ENTRY--TOPICAL TERM | |
| Topical term or geographic name entry element | ÁREA DE CONSERVACIÓN GUANACASTE |
| 9 (RLIN) | 18215 |
| 773 0# - HOST ITEM ENTRY | |
| Host Biblionumber | 4589 |
| Host Itemnumber | 32825 |
| Main entry heading | |
| Edition | |
| Place, publisher, and date of publication | Costa Rica Editorial Tecnológica de Costa Rica |
| Other item identifier | TI18131 |
| Title | Tecnología en Marcha |
| Record control number | |
| International Standard Serial Number | 0379-3982 |
| International Standard Book Number | |
| 942 ## - ADDED ENTRY ELEMENTS (KOHA) | |
| Koha item type | Revista |
No hay ítems disponibles.